|
|
|
|
| LEADER |
01581nam a2200325 a 4500 |
| 001 |
254 |
| 003 |
BD-DhAAL |
| 005 |
20150305112255.0 |
| 008 |
150305s1991 nyua bf 001 0 eng |
| 010 |
|
|
|a 91011049
|
| 020 |
|
|
|a 0471530700 :
|c $29.95
|
| 020 |
|
|
|a 0471530719 (pbk.)
|
| 040 |
|
|
|a DLC
|c DLC
|d DLC
|d BD-DhAAL
|
| 050 |
0 |
0 |
|a QB64
|b .S4273 1991
|
| 082 |
0 |
0 |
|a 522/.2/078
|2 20
|
| 100 |
1 |
|
|a Schaaf, Fred.
|9 9091
|
| 245 |
1 |
0 |
|a Seeing the solar system :
|b telescopic projects, activities, and explorations in astronomy /
|c Fred Schaaf ; with illustrations by Doug Myers.
|
| 260 |
|
|
|a New York :
|b Wiley,
|c c1991.
|
| 300 |
|
|
|a xv, 208 p. :
|b ill. ;
|c 26 cm.
|
| 490 |
|
|
|a Wiley science editions
|
| 504 |
|
|
|a Includes bibliographical references (p. 200-203) and indexes.
|
| 541 |
|
|
|e Wiley science editions
|
| 650 |
|
0 |
|a Astronomy projects
|x Popular works.
|9 9092
|
| 650 |
|
0 |
|a Telescopes
|x Popular works.
|9 9093
|
| 650 |
|
0 |
|a Astronomy
|x Observers' manuals.
|9 9094
|
| 942 |
|
|
|2 ddc
|c BK
|
| 999 |
|
|
|c 33893
|d 33893
|
| 952 |
|
|
|0 0
|1 0
|2 ddc
|4 0
|6 522_207800000000000_SCH
|7 0
|9 52902
|a SCL
|b SCL
|c GEN
|d 2015-03-05
|e Gift: The Asia Foundation
|l 3
|m 12
|o 522.2078 SCH
|p 3020000254
|r 2025-07-14
|s 2025-07-01
|t 1
|w 2015-03-05
|y BK
|
| 952 |
|
|
|0 0
|1 0
|2 ddc
|4 0
|6 522_207800000000000_SCH
|7 0
|9 52904
|a SCL
|b SCL
|c GEN
|d 2015-03-05
|e Gift: The Asia Foundation
|l 3
|m 22
|o 522.2078 SCH
|p 3020000255
|r 2019-11-21
|s 2019-09-22
|t 2
|w 2015-03-05
|y BK
|
| 952 |
|
|
|0 0
|1 0
|2 ddc
|4 0
|6 522_207800000000000_SCH
|7 0
|9 52905
|a SCL
|b SCL
|c GEN
|d 2015-03-05
|e Gift: The Asia Foundation
|l 2
|m 12
|o 522.2078 SCH
|p 3020000253
|r 2019-04-09
|s 2019-01-21
|t 3
|w 2015-03-05
|y BK
|